000 00467nam a2200181 4500
003 LK-CoMWRAF
005 20240103121219.0
008 230904b2009 |||||||| |||| 00| 0 eng d
020 _a9780195690022
040 _aLK-CoMWRAF
_dLK-CoMWRAF
_eLK-CoMWRAF
041 _aeng
082 _a428
_bHOR
100 _aHorsburgh, Nicholas
245 _aOxford reading circle 4
260 _aIndia :
_bOxford University press,
_c2009
650 _aEnglish reading
942 _cBK
999 _c3395
_d3395